<?xml version="1.0" encoding="UTF-8"?>
<record
    xmlns:xsi="http://www.w3.org/2001/XMLSchema-instance"
    xsi:schemaLocation="http://www.loc.gov/MARC21/slim http://www.loc.gov/standards/marcxml/schema/MARC21slim.xsd"
    xmlns="http://www.loc.gov/MARC21/slim">

  <leader>01085njm a22002537a 4500</leader>
  <controlfield tag="005">2010090107357.0</controlfield>
  <controlfield tag="007">sd ammalaaahaa</controlfield>
  <controlfield tag="008">100901t        xxu||||| |||| 00| 0 hin d</controlfield>
  <datafield tag="028" ind1=" " ind2=" ">
    <subfield code="a">N. 14401</subfield>
    <subfield code="b">His Master's Voice</subfield>
  </datafield>
  <datafield tag="028" ind1=" " ind2=" ">
    <subfield code="a">OME. 4022</subfield>
    <subfield code="b">His Master's Voice</subfield>
  </datafield>
  <datafield tag="028" ind1=" " ind2=" ">
    <subfield code="a">OME. 4044</subfield>
    <subfield code="b">His Master's Voice</subfield>
  </datafield>
  <datafield tag="035" ind1=" " ind2=" ">
    <subfield code="a">GR-166</subfield>
  </datafield>
  <datafield tag="040" ind1=" " ind2=" ">
    <subfield code="a">SED/VEN</subfield>
  </datafield>
  <datafield tag="100" ind1=" " ind2=" ">
    <subfield code="a">M. S. Subbulakshmi</subfield>
    <subfield code="9">17823</subfield>
  </datafield>
  <datafield tag="245" ind1=" " ind2=" ">
    <subfield code="a">Meera :</subfield>
    <subfield code="b">Hindi /</subfield>
    <subfield code="c">by Brindevanaki Mangala Leela</subfield>
    <subfield code="h">[sound recording]</subfield>
  </datafield>
  <datafield tag="246" ind1=" " ind2=" ">
    <subfield code="a">&#x92E;&#x940;&#x930;&#x93E; (&#x92C;&#x94D;&#x930;&#x93F;&#x928;&#x94D;&#x926;&#x947;&#x935;&#x93E;&#x928;&#x93E;&#x915;&#x940;  &#x92E;&#x902;&#x917;&#x932;&#x93E;  &#x932;&#x940;&#x932;&#x93E;)</subfield>
  </datafield>
  <datafield tag="260" ind1=" " ind2=" ">
    <subfield code="a">Dum Dum, India</subfield>
    <subfield code="b">His Master's Voice</subfield>
  </datafield>
  <datafield tag="300" ind1=" " ind2=" ">
    <subfield code="a">1 sound disc [Gramophone records]</subfield>
    <subfield code="b">analog, 33. 1/3 rpm </subfield>
    <subfield code="c">10 in</subfield>
  </datafield>
  <datafield tag="500" ind1=" " ind2=" ">
    <subfield code="a">Brief record</subfield>
  </datafield>
  <datafield tag="505" ind1=" " ind2=" ">
    <subfield code="a">Hari Avanki Awaz, (Meera) &#x939;&#x930;&#x940; &#x905;&#x935;&#x902;&#x915;&#x940; &#x906;&#x935;&#x93E;&#x91C;&#x93C;, Brindavanaki Mangala Leela &#x92C;&#x94D;&#x930;&#x93F;&#x928;&#x94D;&#x926;&#x947;&#x935;&#x93E;&#x928;&#x93E;&#x915;&#x940;  &#x92E;&#x902;&#x917;&#x932;&#x93E;  &#x932;&#x940;&#x932;&#x93E;</subfield>
  </datafield>
  <datafield tag="650" ind1=" " ind2=" ">
    <subfield code="a">Classical Music</subfield>
    <subfield code="x">Excerpts </subfield>
    <subfield code="z">India</subfield>
    <subfield code="9">17824</subfield>
  </datafield>
  <datafield tag="942" ind1=" " ind2=" ">
    <subfield code="2">ddc</subfield>
    <subfield code="c">GR</subfield>
  </datafield>
  <datafield tag="999" ind1=" " ind2=" ">
    <subfield code="c">43292</subfield>
    <subfield code="d">43292</subfield>
  </datafield>
  <datafield tag="952" ind1=" " ind2=" ">
    <subfield code="0">0</subfield>
    <subfield code="1">0</subfield>
    <subfield code="2">ddc</subfield>
    <subfield code="4">0</subfield>
    <subfield code="7">1</subfield>
    <subfield code="a">L</subfield>
    <subfield code="b">L</subfield>
    <subfield code="d">2010-09-01</subfield>
    <subfield code="e">SED/VEN</subfield>
    <subfield code="l">0</subfield>
    <subfield code="p">GR-166</subfield>
    <subfield code="r">2010-09-01 00:00:00</subfield>
    <subfield code="t">1</subfield>
    <subfield code="w">2010-09-01</subfield>
    <subfield code="y">GR</subfield>
  </datafield>
</record>
